West Ham Roster 24/25 - Statistics

General Stats
  • This quiz has been taken 15 times
  • The average score is 21 of 28
Answer Stats
Players % Correct
A. Areola
100%
J. Bowen
100%
L. Fabianski
100%
A. Cresswell
92%
A. Wan-Bissaka
92%
J-C. Todibo
92%
L. Paqueta
92%
M. Kilman
92%
N. Fullkrug
92%
J. Ward-Prowse
83%
M. Kudus
83%
T. Soucek
83%
V. Coufal
83%
C. Summerville
75%
K. Mavropanos
75%
M. Antonio
75%
O. Scarles
75%
C. Soler
67%
E. Alvarez
67%
Emerson
67%
D. Ings
58%
L. Guilherme
58%
E. Ferguson
50%
G. Rodriguez
50%
W. Foderingham
50%
L. Orford
42%
A. Irving
33%
K. Casey
25%
No matching quizzes found
Score Distribution
Percent of People with Each Score
Percentile by Number Answered
Your Score History
You have not taken this quiz